000 01031nam a22002657a 4500
005 20170124103205.0
010 _aB-259962
020 _c275.00
_a8180180751
035 _aB-259962
037 _bCen Lib/Ret
040 _aDPL
_bHN
082 _a302.2303
_bजैनर
100 _aजैन, रमेश
_92233
245 _aजनसंचार विश्वकोश /
_cरमेश जैन
246 _aJansanchar vishvkosh /
260 _aजयपुर
_bनेशनल पब्लिशिंग हाउस
_c2007
270 _bजयपुर
_a337, चौड़ा रास्ता
_e302 003
300 _axii,536पृ.
_c22सेमी(सजिल्द)
500 _aअनुक्रमाणिका शामिल
650 _aकोश -- जनसंचार
_94735
650 _aजनसंचार
_9114926
650 _aDictionary - Mass Communication
_993443
650 _aMass Communication
_9114927
942 _2ddc
_cHN
_h302.2303
_mजैनर
999 _c120931
_d120931